Systémy logistiky

Uložené v:
Podrobná bibliografia
Médium: Seriál
Jazyk:Slovak
Vydavateľské údaje: Praha ATOZ Marketing Services 2018
Tagy: Pridať tag
Žiadne tagy, Buďte prvý, kto otaguje tento záznam!

MARC

LEADER 00000nas2a2200000 4500
001 0247137
005 20230131144720.7
022 |a [nemá] 
041 0 |a slo 
044 |a CZ 
245 1 0 |a Systémy logistiky 
264 1 |a Praha  |b ATOZ Marketing Services  |c 2018 
773 0 |w eu_un_cat*0054232 
774 0 |w eu_un_cat*0290768